[Event "Wch U14"]
[Site "Oropesa del Mar"]
[Date "2001.11.02"]
[Round "11"]
[White "Gerzhoy, Leonid"]
[Black "Wang, Yi"]
[Result "0-1"]
[WhiteElo "2257"]
[BlackElo "2284"]
[PlyCount "58"]
[EventDate "2001.10.21"]
[EventType "swiss"]
[EventRounds "11"]
[EventCountry "ESP"]
[SourceTitle "EXT 2002"]
[Source "ChessBase"]
[SourceDate "2001.11.25"]
[SourceVersion "1"]
[SourceVersionDate "2001.11.25"]
[SourceQuality "1"]

1. Nf3 c5 2. c4 Nc6 3. Nc3 g6 4. e3 Nf6 5. d4 cxd4 6. exd4 d5 7. Bg5 Be6 8. Bxf6 exf6 9. c5 Bg7 10. Bb5 0-0 11. 0-0 Bg4 12. Bxc6 bxc6 13. h3 Bxf3 14. Qxf3 f5 15. Rfd1 Rb8 16. Rab1 Qa5 17. a3 Rb3 18. Qe2 Rfb8 19. Na2 Qa4 20. Nc3 Qc4 21. Qxc4 dxc4 22. Rbc1 Rxb2 23. d5 Bxc3 24. Rxc3 Rb1 25. Rcc1 Rxc1 26. Rxc1 cxd5 27. c6 Kf8 28. c7 Rc8 29. Rd1 Rxc7 0-1

[Event "Wch U14"]
[Site "Oropesa del Mar"]
[Date "2001.10.30"]
[Round "9"]
[White "Wang, Yi"]
[Black "Quparadze, Giga"]
[Result "1/2-1/2"]
[WhiteElo "2284"]
[BlackElo "2111"]
[PlyCount "118"]
[EventDate "2001.10.21"]
[EventType "swiss"]
[EventRounds "11"]
[EventCountry "ESP"]
[SourceTitle "EXT 2002"]
[Source "ChessBase"]
[SourceDate "2001.11.25"]
[SourceVersion "1"]
[SourceVersionDate "2001.11.25"]
[SourceQuality "1"]

1. d4 e6 2. c4 Nf6 3. Nc3 Bb4 4. e3 b6 5. Nge2 Bb7 6. a3 Be7 7. Nf4 d5 8. cxd5 exd5 9. g3 Bd6 10. Nh5 Nxh5 11. Qxh5 0-0 12. Bg2 c6 13. b4 Nd7 14. Qd1 Nf6 15. Qb3 a5 16. b5 cxb5 17. Nxb5 Ba6 18. 0-0 Qd7 19. a4 Bxb5 20. Qxb5 Qxb5 21. axb5 Rac8 22. f3 Rfe8 23. g4 h6 24. h4 Rc3 25. Bd2 Rc2 26. Rfd1 Bf4 27. exf4 Re2 28. f5 Rexd2 29. Rxd2 Rxd2 30. Rc1 Kf8 31. g5 Ne8 32. Rc8 Rxd4 33. f6 gxf6 34. gxh6 Rxh4 35. f4 Ke7 36. Rb8 Nd6 37. Rxb6 Rxh6 38. Rb8 Rh4 39. Bxd5 Rxf4 40. b6 Rb4 41. Bc6 f5 42. b7 Kf6 43. Kf2 a4 44. Ra8 Nxb7 45. Bxb7 Rxb7 46. Rxa4 Kg5 47. Kf3 Rb3+ 48. Kf2 f4 49. Ra7 Kg4 50. Rxf7 Rb2+ 51. Kg1 Kg3 52. Rg7+ Kf3 53. Rf7 Rb1+ 54. Kh2 Rf1 55. Ra7 Re1 56. Rf7 Re4 57. Kg1 Re6 58. Kf1 Rh6 59. Kg1 Rg6+ 1/2-1/2

[Event "Wch U14"]
[Site "Oropesa del Mar"]
[Date "2001.10.28"]
[Round "7"]
[White "Wang, Yi"]
[Black "Megaranto, Susanto"]
[Result "0-1"]
[WhiteElo "2284"]
[BlackElo "2234"]
[PlyCount "56"]
[EventDate "2001.10.21"]
[EventType "swiss"]
[EventRounds "11"]
[EventCountry "ESP"]
[SourceTitle "EXT 2002"]
[Source "ChessBase"]
[SourceDate "2001.11.25"]
[SourceVersion "1"]
[SourceVersionDate "2001.11.25"]
[SourceQuality "1"]

1. d4 d5 2. Nf3 Nf6 3. g3 Bf5 4. Bg2 e6 5. 0-0 c6 6. c4 Nbd7 7. Nbd2 Be7 8. b3 0-0 9. Bb2 h6 10. Ne5 Nxe5 11. dxe5 Nd7 12. cxd5 exd5 13. e4 dxe4 14. Nxe4 Nc5 15. Nd6 Bxd6 16. Qxd6 Nd3 17. Qxd8 Rfxd8 18. Bc3 a5 19. Rfd1 a4 20. Bf1 Nc5 21. b4 Ne4 22. Be1 Ng5 23. f4 Nf3+ 24. Kf2 Nxh2 25. Bc4 Ng4+ 26. Kf3 h5 27. Rxd8+ Rxd8 28. Be2 b5 0-1